Karriereanreize für deutsche und US-amerikanische Hochschullehrer eine personalökonomische und empirische Analyse des langfristigen Forschungsoutputs
Salvato in:
| Autore principale: | |
|---|---|
| Altri autori: | |
| Natura: | Libro |
| Lingua: | tedesco |
| Pubblicazione: |
Köln
Universität zu Köln
2003
|
| Soggetti: | |
| Tags: |
Nessun Tag, puoi essere il primo ad aggiungerne!!
|
MARC
| LEADER | 00000nam$a2200000$$$4500 | ||
|---|---|---|---|
| 001 | 0040996 | ||
| 005 | 20221129094348.0 | ||
| 041 | 0 | |a ger | |
| 044 | |a DE | ||
| 245 | 1 | 0 | |a Karriereanreize für deutsche und US-amerikanische Hochschullehrer |b eine personalökonomische und empirische Analyse des langfristigen Forschungsoutputs |c Vorgelegt von: Axel Schlinghoff aus Leverkusen ; Referent: Uschi Backes-Gellner |
| 264 | 1 | |a Köln |b Universität zu Köln |c 2003 | |
| 300 | |a 191 s. | ||
| 610 | 2 | 0 | |a školy vysoké |
| 610 | 2 | 0 | |a univerzity |
| 610 | 2 | 0 | |a učitelia |
| 610 | 2 | 0 | |a kariéra |
| 610 | 2 | 0 | |a analýzy |
| 610 | 2 | 0 | |a výskum |
| 610 | 2 | 0 | |a výstupy |
| 610 | 2 | 0 | |a motivácia |
| 610 | 2 | 0 | |a mzdy |
| 610 | 2 | 0 | |a Nemecko |
| 100 | 1 | |a Schlinghoff, Axel | |
| 700 | 1 | |a Backes-Gellner, Uschi | |